| 000 | 00599nam a2200217Ia 4500 | ||
|---|---|---|---|
| 008 | 180920s9999 xx 000 0 und d | ||
| 020 | _a978-1-84091-722-2 | ||
| 050 | _aCUL TX 724.5 | ||
| 050 | _b.J3K87 2016 | ||
| 100 | _aKurihara, Harumi. | ||
| 245 | 0 | _aEveryday Harumi : | |
| 245 | 0 | _bsimple Japanese food for family & friends / | |
| 245 | 0 | _cHarumi Kurihara; photography by Jason Lowe. | |
| 260 | _aGreat Britain : | ||
| 260 | _bConan Octopus, | ||
| 260 | _c2016 | ||
| 300 | _a192 pages : | ||
| 300 | _bcolored illustrations ; | ||
| 300 | _c26 cm. | ||
| 650 | _aCooking, Japanese. | ||
| 999 |
_c358811 _d358811 |
||